000 00285nam a22001217a 4500
008 260306b ||||| |||| 00| 0 eng d
041 _aeng
080 _a2.1
100 _a20.1
101 _angjarje
245 _aPetrit Kotrri Norbert Jokl
_cDugagjini Ballkan Books
942 _2udc
_cBK
999 _c60877
_d60877